banner-ar

THE STRUGGLE FOR PEACE: ISRAELIS AND PALESTINIANS / (Record no. 13985)

MARC details
000 -الفاتح
حقل البيانات ثابتة الطول 00654nam a2200229Ia 4500
008 - عناصر البيانات ثابتة الطول - معلومات عامة
حقل البيانات ثابتة الطول 140319s9999 xx 000 0 eng d
040 ## - مصدر الفهرسة
وكالة الفهرسة الأصلية GCL /
وكالة النسخ GCL
082 04 - رقم تصنيف ديوى العشرى
رقم التصنيف 956
رقم المادة F S
100 1# - المدخل الرئيسى - إسم شخصى
الإسم الشخصى TAYLOR, HEATHER
245 10 - بيان العنوان
العنوان THE STRUGGLE FOR PEACE: ISRAELIS AND PALESTINIANS /
بيان المسئوليه,etc TAYLOR, HEATHER
700 1# - المدخل الاضافى - اسم شخصى
الإسم الشخصى FERNEA, ELIZALETH W.
700 1# - المدخل الاضافى - اسم شخصى
الإسم الشخصى HOCKING, MARY EVELYN
260 ## - PUBLICATION, DISTRIBUTION, ETC. (IMPRINT)
تاريخ النشر أو التوزيع 1992
300 ## - الوصف المادى
التعداد 341 P
650 04 - المدخل الاضافى بالموضوع-مصطلح موضوعى
مصطلح موضوعي PALESTINAN ARABS
650 04 - المدخل الاضافى بالموضوع-مصطلح موضوعى
مصطلح موضوعي HISTORY
650 04 - المدخل الاضافى بالموضوع-مصطلح موضوعى
مصطلح موضوعي PALESTINE - HISTORY
650 04 - المدخل الاضافى بالموضوع-مصطلح موضوعى
مصطلح موضوعي JEWISH - ARAB RELATIONS - 1917
650 04 - المدخل الاضافى بالموضوع-مصطلح موضوعى
مصطلح موضوعي ISRAEL - INTERVIEWS
942 ## - عناصر المدخل الإضافي( كوها)
مصدر التصنيف او مخطط الترفيف Dewey Decimal Classification
Koha [default] item type كتاب
260 ## - PUBLICATION, DISTRIBUTION, ETC. (IMPRINT)
-- [S.N] :
-- UNIVERSITY OF TEXAS PRESS ،
Holdings
حالة التراجع حالة الفقد حالة تلف ليس للاعارة المكان المؤقت الموقع الحالى تاريخ الاكتساب اجمالي اﻻعارات رقم الطلب الباركود تاريخ اخر مشاهدة تاريخ تفعيل السعر نوع وعاء كوها
        مكتبة القاهرة الكبرى مكتبة القاهرة الكبرى 03/26/2014   956\F S 26418 03/26/2014 03/26/2014 كتاب

Powered By

EGPV